[Event "Olympiad-44"]
[Site "Chennai"]
[Date "2022.08.08"]
[Round "10.2"]
[White "Liu, Yeh Yang"]
[Black "Hamed, Mohamed1"]
[Result "1-0"]
[WhiteElo "1994"]
[BlackElo "2116"]
[PlyCount "127"]
[EventDate "2022.07.29"]
[EventType "team-swiss"]
[EventRounds "11"]
[EventCountry "IND"]
[SourceTitle "CBM 210"]
[Source "ChessBase"]
[SourceDate "2022.10.31"]
[SourceVersion "1"]
[SourceVersionDate "2022.10.31"]
[SourceQuality "1"]
[WhiteTeam "Chinese Taipei"]
[BlackTeam "Sudan"]
[WhiteTeamCountry "TPE"]
[BlackTeamCountry "SUD"]

1. e4 c6 2. d4 d5 3. Nc3 dxe4 4. Nxe4 Nf6 5. Nxf6+ exf6 6. Be3 Be6 7. Bd3 Bd6 8. Ne2 Qc7 9. Qd2 Nd7 10. Bf4 0-0 11. 0-0 g6 12. c4 Bxf4 13. Nxf4 Nb6 14. b3 Kg7 15. Rfe1 Rae8 16. a4 Qd7 17. Be4 Bf5 18. Bf3 Bg4 19. a5 Nc8 20. Bxg4 Qxg4 21. a6 Rxe1+ 22. Rxe1 bxa6 23. h3 Qf5 24. d5 Rd8 25. Qe3 cxd5 26. Nxd5 Nb6 27. Nc7 Qe5 28. Qxe5 fxe5 29. c5 Nc8 30. Rxe5 Kf6 31. Re3 Ne7 32. Rf3+ Kg7 33. Nxa6 Rd1+ 34. Kh2 Nf5 35. Rc3 Kf6 36. c6 Rd8 37. b4 Rc8 38. b5 Nd6 39. Rb3 Ke5 40. Rb4 Kd5 41. f3 f5 42. Kg3 g5 43. h4 h6 44. Kf2 Ne8 45. Ke3 Nc7 46. Rd4+ Ke6 47. Nxc7+ Rxc7 48. h5 Rc8 49. Ra4 Rc7 50. Kd4 Kd6 51. Ra2 Re7 52. Kc4 g4 53. Rd2+ Kc7 54. Rd5 gxf3 55. gxf3 f4 56. Rf5 Kb6 57. Kd5 Re1 58. Kd6 Rd1+ 59. Rd5 Rc1 60. Kd7 Rc3 61. Rd6 a5 62. bxa6 Kxa6 63. Rd4 Rxf3 64. c7 1-0

[Event "Olympiad-44"]
[Site "Chennai"]
[Date "2022.07.29"]
[Round "1.2"]
[White "Liu, Yeh Yang"]
[Black "Kazhgaleyev, Murtas"]
[Result "1/2-1/2"]
[WhiteElo "1994"]
[BlackElo "2536"]
[PlyCount "149"]
[EventDate "2022.07.29"]
[EventType "team-swiss"]
[EventRounds "11"]
[EventCountry "IND"]
[SourceTitle "CBM 210"]
[Source "ChessBase"]
[SourceDate "2022.10.31"]
[SourceVersion "1"]
[SourceVersionDate "2022.10.31"]
[SourceQuality "1"]
[WhiteTeam "Chinese Taipei"]
[BlackTeam "Kazakhstan"]
[WhiteTeamCountry "TPE"]
[BlackTeamCountry "KAZ"]

1. e4 c5 2. Nf3 d6 3. c3 Nf6 4. Be2 Bg4 5. e5 dxe5 6. Nxe5 Bxe2 7. Qxe2 Nbd7 8. Nc4 e6 9. a4 Be7 10. 0-0 0-0 11. d3 Nb8 12. Bf4 Nc6 13. Nba3 Qd7 14. Rad1 Rfd8 15. Bg3 b6 16. Rfe1 Nd5 17. Qg4 Bf8 18. h4 Nf6 19. Qe2 h6 20. Nb5 Qb7 21. Qf3 Nd5 22. d4 cxd4 23. Nxd4 Rac8 24. Nb5 Qa6 25. b3 Rd7 26. Ne3 Rcd8 27. Nxd5 exd5 28. Bc7 Rc8 29. Bf4 Rcd8 30. Qg4 Qc8 31. Bxh6 a6 32. Nd4 Nxd4 33. cxd4 Re7 34. Qg3 Rde8 35. Rxe7 Rxe7 36. Rc1 Qe6 37. Bg5 Re8 38. Bf4 Qf5 39. Be5 Kh7 40. Qg5 Qxg5 41. hxg5 Kg6 42. Rc7 Be7 43. Rc6+ Kf5 44. Rxb6 Bxg5 45. Rxa6 f6 46. Bc7 Re1+ 47. Kh2 Rb1 48. Rb6 Ke4 49. a5 Ra1 50. a6 Bd2 51. Rc6 Bb4 52. f3+ Kd3 53. Kg3 Bc3 54. Kg4 Ra2 55. Kf5 Bxd4 56. b4 Ba7 57. b5 d4 58. Rd6 Bc5 59. Rd8 Ke2 60. Re8+ Kf1 61. b6 Bxb6 62. Bxb6 Rxa6 63. Bxd4 Kxg2 64. Re3 Ra5+ 65. Ke4 Kg3 66. Rb3 f5+ 67. Ke3 g5 68. Bb6 Ra4 69. Ke2 Ra2+ 70. Ke3 Ra4 71. Bc7+ f4+ 72. Ke2 Ra2+ 73. Ke1 Ra1+ 74. Ke2 Ra2+ 75. Ke1 1/2-1/2

[Event "Online Olym Div3 A"]
[Site "Chess.com INT"]
[Date "2021.08.29"]
[Round "8.4"]
[White "Xie, Felix"]
[Black "Liu, Yeh Yang"]
[Result "1-0"]
[WhiteElo "2132"]
[BlackElo "1994"]
[PlyCount "109"]
[EventDate "2021.08.27"]
[EventType "team-tourn (rapid)"]
[EventRounds "9"]
[EventCountry "USA"]
[SourceTitle "CBM 204 Extra"]
[Source "ChessBase"]
[SourceDate "2021.11.30"]
[SourceVersion "1"]
[SourceVersionDate "2021.11.30"]
[SourceQuality "1"]
[WhiteTeam "New Zealand"]
[BlackTeam "Taiwan"]
[WhiteTeamCountry "NZL"]
[BlackTeamCountry "TPE"]

1. d4 Nf6 2. Bg5 e6 3. e4 h6 4. Bxf6 Qxf6 5. c3 c5 6. d5 exd5 7. exd5 d6 8. Bd3 Qe5+ 9. Ne2 Nd7 10. Bc4 Be7 11. 0-0 0-0 12. Nd2 f5 13. Re1 Bg5 14. Nf3 Qf6 15. h4 Bxh4 16. Nf4 Ne5 17. Nxe5 dxe5 18. d6+ Kh8 19. Nh5 Qg5 20. Rxe5 g6 21. Ng3 Bxg3 22. fxg3 Bd7 23. Re7 Rad8 24. Qd3 Bc6 25. Rd1 f4 26. Re6 Kg7 27. Re7+ Kh8 28. Re6 Rf6 29. Rxf6 Qxf6 30. gxf4 Kg7 31. g3 Rd7 32. Bb5 Bxb5 33. Qxb5 Qe6 34. Qd3 b6 35. Kf2 h5 36. b3 Qh3 37. Qd5 Qf5 38. Qe5+ Kf7 39. Re1 Qxe5 40. fxe5 Ke6 41. Kf3 Rf7+ 42. Ke4 g5 43. Rd1 h4 44. gxh4 gxh4 45. Rg1 Rh7 46. Rg6+ Kd7 47. Kd5 Rh5 48. Rg7+ Ke8 49. Ke6 Rh6+ 50. Kf5 h3 51. e6 Rh5+ 52. Kg6 Rh8 53. Rxa7 Rg8+ 54. Kf6 Rf8+ 55. Kg7 1-0

[Event "Online Olym Div3 A"]
[Site "Chess.com INT"]
[Date "2021.08.28"]
[Round "4.5"]
[White "Liu, Yeh Yang"]
[Black "Ahn, Hongjin"]
[Result "1-0"]
[WhiteElo "1994"]
[BlackElo "2298"]
[PlyCount "63"]
[EventDate "2021.08.27"]
[EventType "team-tourn (rapid)"]
[EventRounds "9"]
[EventCountry "USA"]
[SourceTitle "CBM 204 Extra"]
[Source "ChessBase"]
[SourceDate "2021.11.30"]
[SourceVersion "1"]
[SourceVersionDate "2021.11.30"]
[SourceQuality "1"]
[WhiteTeam "Taiwan"]
[BlackTeam "South Korea"]
[WhiteTeamCountry "TPE"]
[BlackTeamCountry "KOR"]

1. e4 d5 2. exd5 Qxd5 3. d4 Nc6 4. Nf3 Bg4 5. Be2 0-0-0 6. c3 e5 7. Be3 f5 8. dxe5 Qxd1+ 9. Bxd1 Nxe5 10. 0-0 Nxf3+ 11. gxf3 Bh5 12. Nd2 Nf6 13. Bc2 g6 14. Rfe1 Bd6 15. Bg5 Rhf8 16. Re6 Nd5 17. Bxd8 Kxd8 18. Rd1 Nf4 19. Re3 Kc8 20. Nb3 b6 21. a4 Kb7 22. a5 Rf6 23. Nd4 bxa5 24. Ba4 Kb6 25. Re8 c5 26. Nb5 Bf8 27. Rb8+ Kc6 28. Nxa7+ Kc7 29. Rc8+ Kb7 30. Rd7+ Kb6 31. Rb8+ Ka6 32. Bb5# 1-0

[Event "Online Olym Div3 B"]
[Site "Chess.com INT"]
[Date "2020.08.09"]
[Round "7.2"]
[White "Santos, Jose Guilherme B Li"]
[Black "Liu, Yeh Yang"]
[Result "1/2-1/2"]
[WhiteElo "2195"]
[BlackElo "1988"]
[PlyCount "193"]
[EventDate "2020.08.07"]
[EventType "team-tourn (rapid)"]
[EventRounds "9"]
[EventCountry "USA"]
[SourceTitle "CBM 198"]
[Source "ChessBase"]
[SourceDate "2020.10.31"]
[SourceVersion "1"]
[SourceVersionDate "2020.10.31"]
[SourceQuality "1"]
[WhiteTeam "Portugal"]
[BlackTeam "Taiwan"]
[WhiteTeamCountry "POR"]
[BlackTeamCountry "TPE"]

1. c4 c6 2. e4 d5 3. exd5 cxd5 4. d4 Nf6 5. Nc3 e6 6. Nf3 Be7 7. cxd5 Nxd5 8. Bd3 Nc6 9. 0-0 a6 10. Re1 Nf6 11. a3 0-0 12. h4 b5 13. Bc2 Bb7 14. Qd3 Re8 15. d5 exd5 16. Bg5 Ne4 17. Nxd5 Nxg5 18. Nxg5 g6 19. Qf3 Bxg5 20. Rxe8+ Qxe8 21. hxg5 Qe5 22. Bb3 Qxg5 23. Nb6 Rf8 24. Nd7 Nd8 25. Nf6+ Kh8 26. Ne4 Qe5 27. Qc3 Qxc3 28. Nxc3 f5 29. Rd1 Re8 30. Rd7 Bc6 31. Rd6 Kg7 32. Bd5 Bxd5 33. Nxd5 a5 34. Nc7 Re1+ 35. Kh2 Nf7 36. Rd5 Re2 37. Rxb5 Rxf2 38. Kg3 Rc2 39. Ne6+ Kf6 40. Nd4 Rd2 41. Rb6+ Kg7 42. Nf3 Rd5 43. Kf4 Nd6 44. b4 axb4 45. axb4 h6 46. Rc6 Kf6 47. Ke3 g5 48. b5 f4+ 49. Ke2 Kf5 50. b6 g4 51. Nd2 h5 52. Nb3 Ke5 53. Nc5 Nb5 54. Re6+ Kf5 55. b7 Nd4+ 56. Kf1 Rxc5 57. b8Q Nxe6 58. Qb1+ Kg5 59. Qe1 Kf5 60. Qb1+ Kf6 61. Qb2+ Re5 62. Qf2 Kg5 63. Qb6 g3 64. Qd6 Kf5 65. Qd3+ Kg4 66. Qf3+ Kg5 67. Qc3 Re3 68. Qh8 Kg4 69. Qg8+ Ng5 70. Qc8+ Kh4 71. Qf5 Re4 72. Qd7 Rb4 73. Qf5 Rc4 74. Qd7 Rc1+ 75. Ke2 Rc2+ 76. Kf1 Rf2+ 77. Kg1 Ra2 78. Qd4 Rf2 79. Qd8 Rb2 80. Qd3 Kg4 81. Qd7+ Kh4 82. Qd3 Rf2 83. Qd4 Kg4 84. Qd7+ Kh4 85. Qd4 Nh3+ 86. gxh3 Kxh3 87. Qd7+ Kh4 88. Qe7+ Kg4 89. Qe6+ Kh4 90. Qf6+ Kg4 91. Qg6+ Kh4 92. Qf5 Rf3 93. Qf6+ Kg4 94. Qg6+ Kh4 95. Qf6+ Kg4 96. Qg6+ Kh4 97. Qf6+ 1/2-1/2

[Event "Asia Cities-ch"]
[Site "Dhaka"]
[Date "2019.07.13"]
[Round "5.3"]
[White "Farman, Aziz"]
[Black "Liu, Yeh Yang"]
[Result "0-1"]
[WhiteElo "1714"]
[BlackElo "1955"]
[PlyCount "68"]
[EventDate "2019.07.10"]
[EventType "team-swiss"]
[EventRounds "9"]
[EventCountry "BAN"]
[SourceTitle "EXT 2020"]
[Source "ChessBase"]
[SourceDate "2019.10.17"]
[SourceVersion "1"]
[SourceVersionDate "2019.10.17"]
[SourceQuality "1"]
[WhiteTeam "Pakpattan City"]
[BlackTeam "Chinese Taipei"]
[WhiteTeamCountry "PAK"]
[BlackTeamCountry "TPE"]

1. e4 c5 2. Nf3 d6 3. d4 cxd4 4. Nxd4 Nf6 5. Nc3 a6 6. Bg5 Nbd7 7. f3 Qb6 8. Qd2 Qxb2 9. Rb1 Qa3 10. Be2 g6 11. Rb3 Qc5 12. Na4 Qc7 13. c4 Bg7 14. 0-0 0-0 15. Bh6 Nc5 16. Nxc5 Qxc5 17. Bxg7 Kxg7 18. Kh1 b6 19. Rfb1 Nd7 20. Nc2 Bb7 21. Ne3 Rac8 22. a4 Bc6 23. Qb2+ f6 24. Ra3 Kf7 25. h3 Bxa4 26. Nd5 Bc6 27. Nxb6 Nxb6 28. Qxb6 Qxa3 29. Qd4 Qc5 30. Qd2 a5 31. Qc2 a4 32. f4 Qe3 33. Bd3 Qxf4 34. Rf1 Qe5 0-1

[Event "Olympiad-43"]
[Site "Batumi"]
[Date "2018.09.27"]
[Round "4.66"]
[White "Corlette, Glenford"]
[Black "Liu, Yeh Yang"]
[Result "0-1"]
[WhiteElo "1653"]
[BlackElo "1926"]
[PlyCount "66"]
[EventDate "2018.09.24"]
[EventType "team-swiss"]
[EventRounds "11"]
[EventCountry "GEO"]
[SourceTitle "CBM 187"]
[Source "ChessBase"]
[SourceDate "2018.12.11"]
[SourceVersion "1"]
[SourceVersionDate "2018.12.11"]
[SourceQuality "1"]
[WhiteTeam "Guyana"]
[BlackTeam "Chinese Taipei"]
[WhiteTeamCountry "GUY"]
[BlackTeamCountry "TPE"]

1. e4 c5 2. Nf3 Nc6 3. d4 cxd4 4. Nxd4 Nf6 5. Nc3 e5 6. Ndb5 d6 7. Bg5 a6 8. Bxf6 gxf6 9. Na3 b5 10. Nd5 f5 11. Bd3 Be6 12. 0-0 Bg7 13. c3 Bxd5 14. exd5 Ne7 15. Bc2 Qc8 16. Qh5 e4 17. Rae1 b4 18. Ba4+ Kf8 19. Nb1 Ng6 20. Bc6 Rb8 21. f3 bxc3 22. bxc3 Rb2 23. fxe4 f4 24. Rf2 Rxf2 25. Kxf2 Ne5 26. Kg1 Rg8 27. Rf1 Qb8 28. Nd2 Qb2 29. Qf5 Bh6 30. Rf2 f3 31. Nxf3 Be3 32. Ne1 Qe2 33. Bd7 Qxe1# 0-1

[Event "Asia Cities-ch 20th"]
[Site "Bhubaneswar"]
[Date "2017.09.01"]
[Round "9.6"]
[White "Miswadah, Baha"]
[Black "Liu, Yeh Yang"]
[Result "1-0"]
[WhiteElo "1874"]
[BlackElo "2026"]
[PlyCount "85"]
[EventDate "2017.08.26"]
[EventType "team-swiss"]
[EventRounds "9"]
[EventCountry "IND"]
[SourceTitle "CBM 180 Extra"]
[Source "ChessBase"]
[SourceDate "2017.10.06"]
[SourceVersion "1"]
[SourceVersionDate "2017.10.06"]
[SourceQuality "1"]
[WhiteTeam "Alquds"]
[BlackTeam "Chinese Taipei"]
[WhiteTeamCountry "PLE"]
[BlackTeamCountry "TPE"]

1. e4 c5 2. Nf3 Nc6 3. d4 cxd4 4. Nxd4 Nf6 5. Nc3 e5 6. Ndb5 d6 7. Bg5 a6 8. Na3 b5 9. Nd5 Be7 10. Bxf6 Bxf6 11. c3 0-0 12. Nc2 Bg5 13. a4 bxa4 14. Rxa4 a5 15. Bd3 Rb8 16. Ra2 Be6 17. Bc4 Kh8 18. Nce3 g6 19. 0-0 f5 20. f3 fxe4 21. fxe4 Bxe3+ 22. Nxe3 Qb6 23. Bxe6 Qxe3+ 24. Kh1 Qxe4 25. h3 Qe3 26. b3 Qc5 27. Rd2 Ne7 28. Rxd6 Qxc3 29. Rxf8+ Rxf8 30. Rd8 Rg8 31. Bxg8 Nxg8 32. Qd5 Qc1+ 33. Kh2 Qf4+ 34. Kg1 Qd4+ 35. Qxd4 exd4 36. Rxd4 Ne7 37. Rd7 Nc6 38. Kf2 Kg8 39. Ke3 g5 40. Ke4 h6 41. Rc7 Nb4 42. Ra7 Nc2 43. Rxa5 1-0

[Event "Asia Cities-ch 20th"]
[Site "Bhubaneswar"]
[Date "2017.08.29"]
[Round "6.2"]
[White "Liu, Yeh Yang"]
[Black "Sadeh, Shahin"]
[Result "1-0"]
[WhiteElo "2026"]
[BlackElo "2335"]
[PlyCount "77"]
[EventDate "2017.08.26"]
[EventType "team-swiss"]
[EventRounds "9"]
[EventCountry "IND"]
[SourceTitle "CBM 180 Extra"]
[Source "ChessBase"]
[SourceDate "2017.10.06"]
[SourceVersion "1"]
[SourceVersionDate "2017.10.06"]
[SourceQuality "1"]
[WhiteTeam "Chinese Taipei"]
[BlackTeam "Rasht"]
[WhiteTeamCountry "TPE"]
[BlackTeamCountry "IRI"]

1. e4 g6 2. d4 Bg7 3. Nc3 c6 4. Nf3 d6 5. Bc4 Nf6 6. Bb3 0-0 7. Bg5 h6 8. Be3 b5 9. a3 Bg4 10. h3 Bxf3 11. Qxf3 Nbd7 12. Rd1 Qb8 13. 0-0 a5 14. a4 b4 15. Ne2 e5 16. Ng3 Qc7 17. Rd2 Rae8 18. Rfd1 h5 19. dxe5 Nxe5 20. Qf4 Rd8 21. Qh4 Nh7 22. Ne2 Bf6 23. Qg3 h4 24. Qh2 Bg5 25. f4 Bh6 26. Kh1 Qe7 27. Qg1 Nd7 28. Rxd6 Nhf6 29. e5 Ne4 30. Rxg6+ Kh7 31. Rxc6 Rg8 32. Bd5 Ng3+ 33. Nxg3 Rxg3 34. Be4+ Kg7 35. Rxh6 Kxh6 36. f5+ Kh5 37. Bf3+ Rxf3 38. gxf3 Nxe5 39. Qg4+ 1-0